Highway Engineering (Record no. 247242)

MARC details
000 -LEADER
fixed length control field 00433nam a2200193Ia 4500
008 - FIXED-LENGTH DATA ELEMENTS--GENERAL INFORMATION
fixed length control field 240921s9999||||xx |||||||||||||| ||und||
082 ## - DEWEY DECIMAL CLASSIFICATION NUMBER
-- 625.7 M7
100 ## - MAIN ENTRY--PERSONAL NAME
Personal name Khanna S K
245 #0 - TITLE STATEMENT
Title Highway Engineering
250 ## - EDITION STATEMENT
Edition statement 6th
260 ## - PUBLICATION, DISTRIBUTION, ETC. (IMPRINT)
Date of publication, distribution, etc 1987
Name of publisher, distributor, etc Nem Chand,U.P
500 ## - GENERAL NOTE
General note Hill Roads
650 ## - SUBJECT ADDED ENTRY--TOPICAL TERM
Topical term or geographic name as entry element Highway
700 ## - ADDED ENTRY--PERSONAL NAME
Personal name Justo C E G
942 ## - ADDED ENTRY ELEMENTS (KOHA)
Item type Books
Holdings
Withdrawn status Lost status Damaged status Permanent location Current location Shelving location Date acquired Source of acquisition Cost, normal purchase price Full call number Barcode Date last seen Koha item type
      CENTRAL LIBRARY, NOORUL ISLAM CENTRE FOR HIGHER EDUCATION CENTRAL LIBRARY, NOORUL ISLAM CENTRE FOR HIGHER EDUCATION   05/09/2003 Madras Book House 55.00 625.7 M7 197 09/21/2024 Books
Visitors:
Copyright © 2024 Central Library NICHE.  All rights reserved.